Régions du Portugal sur une carte - Statistiques

Statistiques générales
  • Ce quiz a été pris 8 357 fois
    2 026 depuis la dernière actualisation
  • Le résultat moyen est 5 sur 9
Réponses sur la Carte
Les réponses sont colorées sur une échelle allant du rouge au vert en fonction du pourcentage des utilisateurs qui les ont devinées à leur premier essai. Vous pouvez retrouver ces pourcentages ci-dessous.
 
Statistiques - réponses
Région % Correct
Grand Lisbonne
90%
Madère
76%
Açores
74%
Algarve
64%
Nord
55%
Centre
46%
Alentejo
35%
Péninsule de Setúbal
28%
Ouest et Vallée du Tage
24%
Aucun quiz correspondant
Distribution des résultats
% des personnes avec chaque résultat
Percentile par nombre de réponses
Votre historique - résultats
Vous n’avez pas pris ce quiz depuis la dernière actualisation